000
00220 a2200097 4500
001
52579
100
_a
Warring R H
245
_a
Seals & Sealing Handbook
260
_a
London
_b
Gulf Publishers
_c
090
_c
33066
_d
33066
942
_a
NUST-CAE
_c
M
_c
25632
999
_c
287652
_d
287652